=LDR 00000nam 2200000 4500 =001 INLIS000000000007777 =005 20130612095725 =008 ***********************************Ind** =035 ##$$0010-061300000007777 =041 ##$$a Ind =082 ##$$a 811 =090 ##$$a 811, Sit r =100 ##$$a SITUMORANG, Sitor =245 ##$$a Rindu kelana pilihan sajak 1948 - 1993, Sitor Situmorang, Riris K. Toha Sarumpaet =260 ##$$a 1994 $b Jakarta =300 ##$$a vii, 164 hlm., 21 cm =650 ##$$a Puisi - Indonesia =700 ##$$a SARUMPAET, Riris K. Toha =850 ##$$a NBPNMAT =990 ##$$a 02710271 =990 ##$$a 01201900271 =990 ##$$a 71.402/Pb.94 =990 ##$$a DW00021291 =990 ##$$a 00087250 =990 ##$$a DW00021291 =990 ##$$a 01201900271